000 00573cam a22002053a 4500
001 37781
003 PGUSA
005 20140828083830.0
008 111017s2011||||xxu|||||s|||||000 | eng d
040 _aPGUSA
_beng
042 _adc
100 1 _aCholmondeley, Mary,
_d1859-1925
245 1 0 _aNotwithstanding
_h[electronic resource] /
_cMary Cholmondeley
260 _bProject Gutenberg,
_c2011
506 _aPublic domain in the USA.
516 _aElectronic text
830 0 _aProject Gutenberg
_v37781
856 4 0 _uhttp://www.gutenberg.org/ebooks/37781
942 _cEB
999 _c267035
_d267035